Coupes du Monde de Football: Arabie Saoudite - Statistiques

Statistiques générales
  • Ce quiz a été pris 112 fois
    61 depuis la dernière actualisation
  • Le résultat moyen est 15 sur 19
Statistiques - réponses
Réponse % Correct
France
100%
Argentine
98%
Russie
96%
Allemagne
92%
Mexique
92%
Pologne
92%
Uruguay
88%
Espagne
84%
Maroc
84%
Egypte
80%
Tunisie
80%
Danemark
78%
Belgique
76%
Afrique du Sud
74%
Pays-Bas
72%
Suède
72%
Irlande
68%
Cameroun
64%
Ukraine
56%
Aucun quiz correspondant
Distribution des résultats
% des personnes avec chaque résultat
Percentile par nombre de réponses
Votre historique - résultats
Vous n’avez pas pris ce quiz depuis la dernière actualisation